<?xml version="1.0" encoding="UTF-8"?><?xml-stylesheet type="text/xsl" href="static/style.xsl"?><OAI-PMH xmlns="http://www.openarchives.org/OAI/2.0/" xmlns:xsi="http://www.w3.org/2001/XMLSchema-instance" xsi:schemaLocation="http://www.openarchives.org/OAI/2.0/ http://www.openarchives.org/OAI/2.0/OAI-PMH.xsd"><responseDate>2026-04-18T04:48:17Z</responseDate><request verb="GetRecord" identifier="oai:riubu.ubu.es:10259/6069" metadataPrefix="marc">https://riubu.ubu.es/oai/request</request><GetRecord><record><header><identifier>oai:riubu.ubu.es:10259/6069</identifier><datestamp>2021-11-02T12:24:03Z</datestamp><setSpec>com_10259.4_103</setSpec><setSpec>com_10259.4_1</setSpec><setSpec>com_10259_2604</setSpec><setSpec>col_10259_6064</setSpec></header><metadata><record xmlns="http://www.loc.gov/MARC21/slim" xmlns:doc="http://www.lyncode.com/xoai" xmlns:xsi="http://www.w3.org/2001/XMLSchema-instance" xmlns:dcterms="http://purl.org/dc/terms/" xsi:schemaLocation="http://www.loc.gov/MARC21/slim http://www.loc.gov/standards/marcxml/schema/MARC21slim.xsd">
<leader>00925njm 22002777a 4500</leader>
<datafield tag="042" ind1=" " ind2=" ">
<subfield code="a">dc</subfield>
</datafield>
<datafield tag="720" ind1=" " ind2=" ">
<subfield code="a">López Gómez, José Manuel</subfield>
<subfield code="e">author</subfield>
</datafield>
<datafield tag="260" ind1=" " ind2=" ">
<subfield code="c">2015</subfield>
</datafield>
<datafield tag="520" ind1=" " ind2=" ">
<subfield code="a">La decisiva intervención de una dama burgalesa, Juana&#xd;
Manuela de Villachica y Llaguno, ante el médico residente en Madrid,&#xd;
Ignacio Mª Ruiz de Luzuriaga, uno de los introductores de la vacunación&#xd;
antivariólica en España, permitió que el 16 de agosto de 1801,&#xd;
Prudencio Valderrrama, médico titular del cabildo catedralicio burgalés&#xd;
y del hospital de Barrantes, iniciase la práctica vacunal en la&#xd;
ciudad de Burgos, hasta alcanzar al año siguiente una cobertura del&#xd;
10% de su vecindario.</subfield>
</datafield>
<datafield tag="520" ind1=" " ind2=" ">
<subfield code="a">Prudencio Valderrama –the doctor of the Cathedral&#xd;
Chapter and of Barrantes Hospital– was able to start a smallpox vaccination campaign the 16 th August 1801 in the city of Burgos, until&#xd;
reaching 100% coverage of the neighborhood the following year,&#xd;
thanks to decisive action on the part of lady Juana Manuela de Villachica y Llaguno, from Burgos, across Ignacio Mª Ruiz de Luzuriaga&#xd;
–one of the pioneers in introducing the smallpox vaccine in Spain–.</subfield>
</datafield>
<datafield tag="024" ind2=" " ind1="8">
<subfield code="a">0211-8998</subfield>
</datafield>
<datafield tag="024" ind2=" " ind1="8">
<subfield code="a">http://hdl.handle.net/10259/6069</subfield>
</datafield>
<datafield ind1=" " ind2=" " tag="653">
<subfield code="a">Burgos</subfield>
</datafield>
<datafield ind1=" " ind2=" " tag="653">
<subfield code="a">Vacunación antivariólica</subfield>
</datafield>
<datafield ind1=" " ind2=" " tag="653">
<subfield code="a">1801</subfield>
</datafield>
<datafield ind1=" " ind2=" " tag="653">
<subfield code="a">Juana Manuela de Villachica</subfield>
</datafield>
<datafield ind1=" " ind2=" " tag="653">
<subfield code="a">Ignacio Mª Ruiz de Luzuriaga</subfield>
</datafield>
<datafield ind1=" " ind2=" " tag="653">
<subfield code="a">Prudencio Valderrama</subfield>
</datafield>
<datafield ind1=" " ind2=" " tag="653">
<subfield code="a">Burgos (Spain)</subfield>
</datafield>
<datafield ind1=" " ind2=" " tag="653">
<subfield code="a">Smallpox vaccine</subfield>
</datafield>
<datafield tag="245" ind1="0" ind2="0">
<subfield code="a">Un proyecto sanitario en el Burgos de la Ilustración: la vacunación antivariólica (1801-1802)</subfield>
</datafield>
</record></metadata></record></GetRecord></OAI-PMH>